[Event "Najdorf Mem Open A 2016"]
[Site "Warsaw POL"]
[Date "2016.07.10"]
[Round "3.65"]
[White "Nowak, Lukasz2"]
[Black "Masse, Hugues"]
[Result "1-0"]
[WhiteElo "2263"]
[BlackElo "2204"]
[WhiteFideId "1166760"]
[BlackFideId "2604264"]
[EventDate "2016.07.08"]

1. e4 e6 2. d4 d5 3. Nc3 Nf6 4. e5 Nfd7 5. f4 c5 6. Nf3 Nc6 7. Be3 Be7 8. Qd2
O-O 9. dxc5 Nxc5 10. O-O-O a6 11. Qf2 Qa5 12. Kb1 Bd7 13. f5 d4 14. Bxd4 exf5
15. Nd5 Ne4 16. Nxe7+ Nxe7 17. Qe1 Qxe1 18. Rxe1 Nc6 19. Bd3 Nxd4 20. Bxe4 Nxf3
21. Bxf3 Rab8 22. Rd1 Be6 23. Rd6 Rfc8 24. Rhd1 Kf8 25. Rb6 Rc7 26. b3 Ke7 27.
Rd4 Rc5 28. b4 Rb5 29. Rxb5 axb5 30. Kb2 Bc4 31. a4 g5 32. h3 Rd8 33. Rxd8 Kxd8
34. a5 Kc7 35. Kc3 Bf1 36. Kd4 h5 37. Bxh5 Bxg2 38. Bxf7 Bxh3 39. Be6 Bg4 40.
Kc5 Kd8 41. Kd6 Bh3 1-0

[Event "Najdorf Mem Open A 2016"]
[Site "Warsaw POL"]
[Date "2016.07.10"]
[Round "3.66"]
[White "Wisniewski, Michal"]
[Black "Jakubiec, Edyta"]
[Result "1/2-1/2"]
[BlackTitle "WIM"]
[WhiteElo "2235"]
[BlackElo "2176"]
[WhiteFideId "1159682"]
[BlackFideId "1114158"]
[EventDate "2016.07.08"]

1. e4 c5 2. Nf3 d6 3. d4 cxd4 4. Qxd4 Nc6 5. Bb5 Bd7 6. Qd3 Nf6 7. c4 g6 8. Nc3
Bg7 9. h3 O-O 10. Be3 a6 11. Bxc6 Bxc6 12. O-O Rc8 13. Rac1 Nd7 14. Nd4 Nc5 15.
Qc2 Ne6 16. Nxe6 fxe6 17. Qb3 Qd7 18. f3 b5 19. cxb5 Bxb5 20. Nxb5 axb5 21. Rfd1
Kh8 22. Qb4 Ra8 23. a3 Rfc8 24. Bd4 Bxd4+ 25. Qxd4+ Kg8 26. h4 Ra4 27. Qb6 Rac4
28. Rxc4 Rxc4 29. Rd4 Rxd4 30. Qxd4 e5 31. Qd5+ e6 32. Qa8+ Kg7 33. Qb8 Qc6 34.
Kh2 Qd7 35. b3 h6 36. a4 bxa4 37. bxa4 Qxa4 38. Qxd6 Qe8 39. Qxe5+ Kh7 40. Qf6
Qd7 41. Qf8 h5 42. Kh3 Qc7 43. Qf6 Qd7 44. Kg3 Qd6+ 45. Qf4 Qe7 46. Qe5 Kg8 47.
Kh3 Qf7 48. Qg5 Kh7 49. Qe3 Qd7 50. Qc3 Qe7 51. g4 hxg4+ 52. Kxg4 e5 53. Qc6 Qf7
54. Qc1 Qd7+ 55. Kg3 Qd4 56. Kg2 Kg7 57. Qg5 Kf7 58. Kh3 Qd7+ 59. Qg4 Qd1 60.
Qg2 Qd7+ 61. Kg3 Qd4 62. Qf2 Qd6 63. Qa7+ Kg8 64. Kg4 Qf6 65. Qe3 Kh7 66. Qg5
Qe6+ 67. Kg3 Qd6 68. h5 gxh5 69. Qxh5+ Kg7 70. Qf5 Qd4 71. Kh4 Qf2+ 72. Kh5 Qh2+
73. Kg5 Qd2+ 74. f4 Qxf4+ 1/2-1/2

[Event "Najdorf Mem Open A 2016"]
[Site "Warsaw POL"]
[Date "2016.07.10"]
[Round "3.67"]
[White "Garbowski, Jakub"]
[Black "Smieszek, Wojciech"]
[Result "1/2-1/2"]
[WhiteElo "2102"]
[BlackElo "2217"]
[WhiteFideId "1164929"]
[BlackFideId "1156047"]
[EventDate "2016.07.08"]

1. e4 c5 2. Nf3 g6 3. d4 cxd4 4. Nxd4 Bg7 5. c4 Qb6 6. Nb3 d6 7. Be3 Qc7 8. Qd2
Be6 9. Na3 a6 10. Nd4 Nc6 11. Rc1 Nf6 12. f3 O-O 13. Be2 Nd7 14. O-O Rfc8 15.
Nac2 Nc5 16. b3 Bd7 17. Rfd1 Rd8 18. Bf1 Rac8 19. Ne2 Be8 20. Bh6 Bxh6 21. Qxh6
Qa5 22. Ra1 b5 23. cxb5 axb5 24. Ne3 Qa7 25. Kh1 f6 26. Nc3 Ne5 27. Nxb5 Bxb5
28. Bxb5 Nf7 29. Qh3 Ng5 30. Qg3 Nxb3 31. Bc4+ Kh8 32. axb3 Qxe3 33. Re1 Qc3 34.
Rac1 Qb2 35. h4 Rc5 36. Rb1 Qc2 37. Rbc1 Qd2 38. Rcd1 Qc2 39. Rc1 Qb2 40. Rb1
Qc2 41. Rbc1 1/2-1/2

[Event "Najdorf Mem Open A 2016"]
[Site "Warsaw POL"]
[Date "2016.07.10"]
[Round "3.68"]
[White "Heinemann, Josefine"]
[Black "Fieberg, Samuel"]
[Result "1-0"]
[WhiteTitle "WIM"]
[WhiteElo "2216"]
[BlackElo "2132"]
[WhiteFideId "12900460"]
[BlackFideId "12901717"]
[EventDate "2016.07.08"]

1. e4 c5 2. Nf3 Nc6 3. d4 cxd4 4. Nxd4 e5 5. Nb5 a6 6. Nd6+ Bxd6 7. Qxd6 Qe7 8.
Qd1 Nf6 9. Nc3 d6 10. Bg5 Be6 11. Nd5 Bxd5 12. exd5 Nb8 13. c4 h6 14. Be3 O-O
15. Be2 Nh7 16. O-O f5 17. f3 Nd7 18. Rc1 f4 19. Bf2 Ng5 20. c5 Nxc5 21. Bxc5
dxc5 22. d6 Qd7 23. Rxc5 Rf6 24. Qb3+ Kh8 25. Rc7 Qxd6 26. Qxb7 Qb6+ 27. Qxb6
Rxb6 28. b3 Rd8 29. Bc4 Rd2 30. Rc8+ Kh7 31. h4 Ne6 32. Re1 Kg6 33. Rxe5 Kf6 34.
Ra5 g6 35. Bxa6 Nd4 36. Bc4 Nf5 37. Rf8+ Ke7 38. Rf7+ Kd6 39. Rf6+ Kc7 40. Ra7+
Kb8 41. Rxb6+ Kxa7 42. Rxg6 Rxa2 43. Rg4 Ne3 44. Rxf4 Rxg2+ 45. Kh1 Rc2 46. h5
Kb7 47. Rf6 Rf2 48. Bd3 Kc7 49. Be4 Rd2 50. Rxh6 1-0

[Event "Najdorf Mem Open A 2016"]
[Site "Warsaw POL"]
[Date "2016.07.11"]
[Round "4.1"]
[White "Gajewski, Grzegorz"]
[Black "Bartel, Mateusz"]
[Result "1/2-1/2"]
[WhiteTitle "GM"]
[BlackTitle "GM"]
[WhiteElo "2605"]
[BlackElo "2649"]
[WhiteFideId "1116207"]
[BlackFideId "1112635"]
[EventDate "2016.07.08"]

1. d4 d5 2. c4 c6 3. cxd5 cxd5 4. Nc3 Nf6 5. Bf4 Nc6 6. Nf3 Bf5 7. e3 a6 8. Ne5
Rc8 9. Qb3 b5 10. Be2 Nxe5 11. Bxe5 e6 12. O-O Be7 13. Rfc1 O-O 14. Bxf6 Bxf6
15. a4 b4 16. Qxb4 Rb8 17. Qa3 Be7 18. Qa2 Qa5 19. Bd1 Rfc8 20. Bc2 Bg6 21. Bxg6
hxg6 22. Rc2 Rc4 23. Rac1 Rbc8 24. g3 R8c6 25. Qb3 Rb6 26. Qa2 Rbc6 27. Qb3 Rb6
28. Qa2 Rbc6 1/2-1/2

[Event "Najdorf Mem Open A 2016"]
[Site "Warsaw POL"]
[Date "2016.07.11"]
[Round "4.2"]
[White "Melkumyan, Hrant"]
[Black "Gupta, Abhijeet"]
[Result "1-0"]
[WhiteTitle "GM"]
[BlackTitle "GM"]
[WhiteElo "2640"]
[BlackElo "2630"]
[WhiteFideId "13302485"]
[BlackFideId "5010608"]
[EventDate "2016.07.08"]

1. d4 Nf6 2. c4 g6 3. Nf3 Bg7 4. e3 O-O 5. Be2 b6 6. O-O Bb7 7. Nc3 d5 8. cxd5
Nxd5 9. Bd2 Nxc3 10. Bxc3 Nd7 11. Qa4 a6 12. Rfd1 e6 13. Rac1 Qe7 14. Bb4 c5 15.
dxc5 Nxc5 16. Bxc5 bxc5 17. Rd7 Qe8 18. b3 Ra7 19. Rcd1 Qc8 20. R7d6 Qc7 21. Rd7
Qc8 22. R7d6 Qc7 23. R6d2 Bc6 24. Qh4 h6 25. Bc4 Raa8 26. Qg3 Qxg3 27. hxg3 Rfc8
28. Kf1 Kf8 29. Rc1 a5 30. a4 Ke7 31. Ne1 Rc7 32. f3 Rb8 33. Nd3 Be8 34. Ke2 h5
35. Rdc2 Rb6 36. Nf2 Be5 37. g4 hxg4 38. Nxg4 Bd6 39. Rh1 Rcb7 40. Nf2 Bc6 41.
Nd3 Rb8 42. e4 Kf6 43. Rh7 g5 44. Rc1 Rg8 45. Rch1 Bf8 46. R1h5 g4 47. Rf5+ exf5
48. Rxf7+ Kg6 49. Ne5+ Kh6 50. Rf6+ Kh7 51. Bxg8+ Kxg8 52. Rxc6 Rxb3 53. exf5
gxf3+ 54. gxf3 Rb4 55. f6 Rxa4 56. Rc8 Rd4 57. Ng6 Kf7 58. Nxf8 Kxf6 59. Rxc5 a4
60. Ra5 Ke7 61. Ng6+ Kd6 62. Ne5 Ke6 63. Nd3 1-0

[Event "Najdorf Mem Open A 2016"]
[Site "Warsaw POL"]
[Date "2016.07.11"]
[Round "4.3"]
[White "Jumabayev, Rinat"]
[Black "Piorun, Kacper"]
[Result "1/2-1/2"]
[WhiteTitle "GM"]
[BlackTitle "GM"]
[WhiteElo "2613"]
[BlackElo "2685"]
[WhiteFideId "13702661"]
[BlackFideId "1130420"]
[EventDate "2016.07.08"]

1. d4 Nf6 2. c4 g6 3. g3 Bg7 4. Bg2 d5 5. cxd5 Nxd5 6. Nf3 Nb6 7. Nc3 Nc6 8. e3
e5 9. O-O exd4 10. exd4 O-O 11. Bg5 f6 12. Qb3+ Rf7 13. Bf4 Na5 14. Qb5 Nac4 15.
d5 Bd7 16. Qb3 g5 17. Bc1 c5 18. Ne4 Rc8 19. a4 Na5 20. Qd1 Bf5 21. Nc3 Rd7 22.
Nd2 Nxd5 23. Nxd5 Rxd5 24. Bxd5+ Qxd5 25. Ra3 Bh3 26. Nf3 Qc6 27. Re1 Nc4 28.
Rd3 Ne5 29. Rxe5 fxe5 30. Rd6 Qe4 31. Rd8+ Rxd8 32. Qxd8+ Bf8 33. Qxg5+ Bg7 34.
Qd8+ Bf8 35. Qg5+ Bg7 1/2-1/2

[Event "Najdorf Mem Open A 2016"]
[Site "Warsaw POL"]
[Date "2016.07.11"]
[Round "4.4"]
[White "Smirin, Ilia"]
[Black "Salem, A.R. Saleh"]
[Result "1/2-1/2"]
[WhiteTitle "GM"]
[BlackTitle "GM"]
[WhiteElo "2676"]
[BlackElo "2608"]
[WhiteFideId "2801990"]
[BlackFideId "9301348"]
[EventDate "2016.07.08"]

1. e4 e5 2. Nf3 Nc6 3. Bb5 a6 4. Ba4 Nf6 5. d3 d6 6. c3 g6 7. Nbd2 Bd7 8. Nf1
Bg7 9. Bg5 h6 10. Bh4 O-O 11. Ne3 Qe8 12. O-O Rc8 13. Bb3 Nh5 14. d4 exd4 15.
cxd4 Qxe4 16. Bc2 Qe8 17. Re1 Ne7 18. Bxe7 Qxe7 19. Nd5 Qd8 20. Ne7+ Kh8 21.
Nxc8 Bxc8 22. Qd2 Bg4 23. Re3 Nf4 24. h3 Bd7 25. Re4 g5 26. Rae1 Bc6 27. Rxf4
gxf4 28. Qxf4 Qf6 29. Qxf6 Bxf6 30. Be4 Bxe4 31. Rxe4 c5 32. dxc5 dxc5 33. Ne5
Bg7 34. b3 1/2-1/2

[Event "Najdorf Mem Open A 2016"]
[Site "Warsaw POL"]
[Date "2016.07.11"]
[Round "4.5"]
[White "Hracek, Zbynek"]
[Black "Efimenko, Zahar"]
[Result "0-1"]
[WhiteTitle "GM"]
[BlackTitle "GM"]
[WhiteElo "2605"]
[BlackElo "2655"]
[WhiteFideId "300071"]
[BlackFideId "14107201"]
[EventDate "2016.07.08"]

1. d4 Nf6 2. c4 e6 3. Nc3 Bb4 4. Nf3 b6 5. Bg5 h6 6. Bh4 g5 7. Bg3 Ne4 8. Rc1
Bb7 9. Nd2 Bxc3 10. bxc3 Nxg3 11. hxg3 d6 12. e4 Nd7 13. Qa4 Qe7 14. c5 dxc5 15.
Ba6 Bxa6 16. Qxa6 Kf8 17. O-O cxd4 18. cxd4 c5 19. d5 Ne5 20. Rcd1 Rd8 21. Nc4
Nxc4 22. Qxc4 exd5 23. exd5 Kg7 24. Rfe1 Qd6 25. Qa6 Rd7 26. Re3 Rhd8 27. Qe2
Qf6 28. Rf3 Re7 29. Qd2 Qd6 30. Qc3+ Qe5 31. Qc4 Rd6 32. Re3 Qf6 33. Rf3 Qb2 34.
a3 Re2 35. Qa6 Qc2 36. Rf1 Re7 37. Rd3 c4 38. Rd4 Rc7 39. Qb5 c3 40. Qe8 Qf5 41.
g4 Qf6 42. Qe4 c2 43. Rc1 Qf4 44. Qxf4 gxf4 45. Kf1 Kf6 46. Rxf4+ Ke5 47. g3
Kxd5 48. Ke2 Ke5 49. Rf3 Rd4 50. Rf5+ Ke6 51. Rh5 Rxg4 52. Rxh6+ Ke7 53. Rh5 Rc3
54. Kd2 Rgc4 55. Rh4 Rc7 56. Ra4 a5 57. Re4+ Kf8 58. Ra4 R7c5 59. Ke2 Re5+ 60.
Kd2 Rf3 61. Rxc2 Rxf2+ 62. Kc1 Re1+ 63. Kb2 Ree2 64. Rxe2 Rxe2+ 65. Kb1 Re3 66.
g4 Kg7 67. Kb2 Rf3 68. Rd4 Kg6 69. Rd8 Rf4 70. Rg8+ Kh7 71. Rb8 Rxg4 72. Rxb6 a4
73. Ra6 Rc4 74. Rb6 f5 75. Rb4 Re4 76. Rb6 Kg7 77. Rc6 f4 78. Kc2 f3 79. Kd2
Re2+ 80. Kd3 Ra2 81. Rc3 f2 82. Rc1 Rxa3+ 83. Ke2 Ra2+ 84. Kf1 Kf6 85. Rc5 Ke6
86. Rh5 Kd6 87. Rg5 Kc6 88. Rf5 Kb6 89. Rf6+ Kc5 90. Rf5+ Kd4 91. Rf4+ Ke5 92.
Rb4 a3 93. Ra4 Kd5 94. Ra8 Kc4 95. Rc8+ Kb3 96. Rb8+ Kc3 97. Ra8 Kb4 98. Rb8+
Kc4 99. Rc8+ Kb3 100. Rb8+ Kc2 101. Ra8 Kb1 102. Ra7 Kc1 103. Ra8 Kb1 104. Ra7
Ra1 105. Kxf2 Kb2 106. Rb7+ Ka2 107. Ke2 Rb1 108. Rc7 Kb2 109. Rb7+ Ka1 110. Rc7
a2 111. Kd3 Kb2 112. Rb7+ Kc1 113. Rc7+ Kd1 114. Rh7 Rb3+ 115. Kc4 Rc3+ 116.
Kxc3 a1=Q+ 117. Kc4 Qc1+ 118. Kd5 Qg5+ 119. Kd4 Qf4+ 0-1

[Event "Najdorf Mem Open A 2016"]
[Site "Warsaw POL"]
[Date "2016.07.11"]
[Round "4.6"]
[White "Areshchenko, Alexander"]
[Black "Donchenko, Alexander"]
[Result "1/2-1/2"]
[WhiteTitle "GM"]
[BlackTitle "GM"]
[WhiteElo "2654"]
[BlackElo "2583"]
[WhiteFideId "14109530"]
[BlackFideId "24603295"]
[EventDate "2016.07.08"]

1. e4 c5 2. Nf3 d6 3. d4 cxd4 4. Nxd4 Nf6 5. Nc3 a6 6. h3 e5 7. Nb3 Be6 8. Be3
h5 9. f4 exf4 10. Bxf4 Nc6 11. Qe2 h4 12. O-O-O Nh5 13. Bh2 Ng3 14. Bxg3 Qg5+
15. Nd2 Qxg3 16. Nd5 Rc8 17. Nf3 Be7 18. Kb1 Ne5 19. Nxe7 Kxe7 20. Qd2 Nxf3 21.
gxf3 g5 22. Qb4 b5 23. Qd4 Rhd8 24. a4 bxa4 25. Bxa6 Rc5 26. Bb7 Rb8 27. Bd5
Rcb5 28. Bxe6 Rxb2+ 29. Ka1 Kxe6 30. e5 d5 31. Qxd5+ Ke7 32. Rhe1 R2b6 33. Rg1
Qf4 34. Rg4 Qe3 35. Qd3 Qxe5+ 36. Qd4 Qxd4+ 37. Rdxd4 Rb1+ 38. Ka2 R8b2+ 39. Ka3
Rb8 40. Ka2 R1b2+ 41. Ka3 Rxc2 42. Rxg5 Rc3+ 43. Ka2 Rc2+ 44. Ka3 Kf6 45. Rgg4
Rc3+ 46. Kxa4 Rxf3 47. Rxh4 Ke5 48. Rde4+ Kf5 49. Re1 f6 50. Rh5+ Kg6 51. Rh4 f5
52. Rg1+ Kf6 53. Rh6+ Ke5 54. h4 Rh3 55. Re1+ Kf4 56. Rf1+ Rf3 57. Rh1 Rf2 58.
Ka3 Rf3+ 59. Ka4 Rbb3 60. Rh8 Rh3 61. Rc1 Rb2 62. Rf1+ Rf3 63. Rxf3+ Kxf3 64. h5
f4 65. h6 Rb1 66. h7 Rh1 67. Kb3 Kf2 68. Rf8 Rxh7 69. Rxf4+ 1/2-1/2

[Event "Najdorf Mem Open A 2016"]
[Site "Warsaw POL"]
[Date "2016.07.11"]
[Round "4.7"]
[White "Tomczak, Jacek"]
[Black "Perunovic, Milos"]
[Result "1/2-1/2"]
[WhiteTitle "GM"]
[BlackTitle "GM"]
[WhiteElo "2583"]
[BlackElo "2627"]
[WhiteFideId "1124668"]
[BlackFideId "921629"]
[EventDate "2016.07.08"]

1. e4 c5 2. Nf3 e6 3. d4 cxd4 4. Nxd4 Nc6 5. Nc3 Qc7 6. f4 a6 7. Be2 b5 8. Nxc6
Qxc6 9. Bf3 Bb7 10. Be3 Rc8 11. Qd4 Qc4 12. O-O-O Qxd4 13. Bxd4 Ne7 14. Kb1 d6
15. Bf2 Nc6 16. a4 b4 17. Na2 Be7 18. Be1 a5 19. c3 O-O 20. cxb4 axb4 21. Nxb4
Nxb4 22. Bxb4 Rc4 23. Bxd6 Bxd6 24. Rxd6 Rxa4 25. Re1 Rb4 26. Re3 Rb8 27. b3 Kf8
28. Kb2 Ke7 29. Rd1 h6 30. Ka3 Ba8 31. Rc1 e5 32. fxe5 R4b5 33. Rc7+ Ke6 34. Be2
Ra5+ 35. Kb2 Rb7 36. Bc4+ Kxe5 37. Rxf7 Rxf7 38. Bxf7 Kd4 39. Rg3 Bxe4 40. Bg6
Bd5 41. Bc2 g5 42. Rd3+ Ke5 43. Rd2 Rb5 44. g3 Rb6 45. Re2+ Kd4 46. Rd2+ Ke5 47.
Bd1 Rb8 48. Rd3 Rf8 49. Kc3 Rc8+ 50. Kd2 Rb8 51. Re3+ Kd4 52. Rd3+ Ke5 53. Ke3
h5 54. Rd2 h4 55. Rb2 Rb4 56. Kd3 Rd4+ 57. Kc2 Be4+ 58. Kc1 hxg3 59. hxg3 Rd3
60. g4 Bf3 61. Rd2 Re3 62. Kc2 1/2-1/2

[Event "Najdorf Mem Open A 2016"]
[Site "Warsaw POL"]
[Date "2016.07.11"]
[Round "4.8"]
[White "Macieja, Bartlomiej"]
[Black "Fier, Alexandr"]
[Result "0-1"]
[WhiteTitle "GM"]
[BlackTitle "GM"]
[WhiteElo "2557"]
[BlackElo "2616"]
[WhiteFideId "1104306"]
[BlackFideId "2107139"]
[EventDate "2016.07.08"]

1. Nf3 c5 2. c4 Nf6 3. Nc3 d5 4. cxd5 Nxd5 5. d4 Nxc3 6. bxc3 g6 7. e4 Bg7 8.
Rb1 O-O 9. Be2 b6 10. O-O Qc7 11. Bg5 Nc6 12. d5 Ne5 13. c4 f5 14. exf5 Bxf5 15.
Rb3 Nf7 16. Bh4 e5 17. Bg3 Rae8 18. Re1 Qd8 19. Nd2 e4 20. Nf1 h5 21. Ra3 a5 22.
Rb3 a4 23. Ra3 Bd7 24. Qd2 Bd4 25. Bd1 Qf6 26. h4 Ne5 27. Qc2 Nd3 28. Re2 Bg4
29. Ne3 Bxe2 30. Qxe2 Be5 31. Bxa4 Bxg3 32. fxg3 Ra8 33. Kh2 Qb2 34. Nc2 Nf2 35.
Qe1 Rxa4 36. Rxa4 Qxc2 37. Ra7 Ng4+ 38. Kh3 Qxc4 39. d6 Qf1 0-1

[Event "Najdorf Mem Open A 2016"]
[Site "Warsaw POL"]
[Date "2016.07.11"]
[Round "4.9"]
[White "Oleksiyenko, Mykhaylo"]
[Black "Aryan, Chopra"]
[Result "1/2-1/2"]
[WhiteTitle "GM"]
[BlackTitle "IM"]
[WhiteElo "2615"]
[BlackElo "2483"]
[WhiteFideId "4152417"]
[BlackFideId "5084423"]
[EventDate "2016.07.08"]

1. e4 e5 2. Nf3 Nc6 3. Bb5 a6 4. Bxc6 dxc6 5. O-O Bg4 6. h3 Bh5 7. g4 Bg6 8.
Nxe5 Qh4 9. Qf3 f6 10. Nxg6 hxg6 11. d4 g5 12. Kg2 Ne7 13. Rh1 Qh7 14. Kg1 O-O-O
15. Be3 Kb8 16. Nd2 Re8 17. c3 Ng6 18. Qe2 Bd6 19. b4 Nf4 20. Qf3 Qxh3 21. Rxh3
Rxh3 22. Bxf4 Rxf3 23. Nxf3 Bxf4 24. Re1 b5 25. Re2 Kc8 26. Ne1 Rh8 27. Nf3 Kd7
28. a4 bxa4 29. Ra2 Re8 30. e5 fxe5 31. Nxe5+ Bxe5 32. dxe5 Rxe5 33. Rxa4 Re4
34. Rxa6 Rxg4+ 35. Kf1 Rc4 36. Ra5 c5 37. bxc5 Rxc3 38. c6+ Rxc6 39. Rxg5 g6 40.
Ke2 Rd6 41. f4 Kc6 42. f5 gxf5 43. Rxf5 Kb6 44. Rf1 c5 45. Rd1 Re6+ 46. Kd3 Rd6+
47. Kc2 Rxd1 48. Kxd1 Kb5 49. Kc1 Ka4 50. Kc2 Kb4 51. Kb2 1/2-1/2

[Event "Najdorf Mem Open A 2016"]
[Site "Warsaw POL"]
[Date "2016.07.11"]
[Round "4.10"]
[White "Sadzikowski, Daniel"]
[Black "Neiksans, Arturs"]
[Result "1-0"]
[WhiteTitle "IM"]
[BlackTitle "GM"]
[WhiteElo "2551"]
[BlackElo "2614"]
[WhiteFideId "1132253"]
[BlackFideId "11601388"]
[EventDate "2016.07.08"]

1. e4 c5 2. Nf3 e6 3. d4 cxd4 4. Nxd4 Nc6 5. Nc3 Qc7 6. Be2 a6 7. O-O Nf6 8. Be3
Bb4 9. Nxc6 bxc6 10. Qd4 c5 11. Qc4 O-O 12. Na4 d6 13. e5 d5 14. Qf4 Nd7 15. c3
Ba5 16. b4 Bb6 17. Nxb6 Qxb6 18. Bd3 Qc7 19. Qh4 h6 20. Bxh6 gxh6 21. Qxh6 f5
22. Qg6+ Kh8 23. Qh6+ Kg8 24. Qg6+ Kh8 25. f4 Nxe5 26. fxe5 Qh7 27. Qxh7+ Kxh7
28. bxc5 Rf7 29. Rf4 Rc7 30. g4 Rxc5 31. gxf5 exf5 32. Kf2 Kg6 33. Rg1+ Kf7 34.
Ke3 Rxc3 35. Rh4 Ra3 36. Rh7+ Kf8 37. e6 d4+ 38. Kxd4 Ra4+ 39. Ke5 Rg4 40. Rxg4 1-0

[Event "Najdorf Mem Open A 2016"]
[Site "Warsaw POL"]
[Date "2016.07.11"]
[Round "4.11"]
[White "Krasenkow, Michal"]
[Black "Romanishin, Oleg M"]
[Result "1/2-1/2"]
[WhiteTitle "GM"]
[BlackTitle "GM"]
[WhiteElo "2614"]
[BlackElo "2433"]
[WhiteFideId "1113100"]
[BlackFideId "14100088"]
[EventDate "2016.07.08"]

1. Nf3 Nf6 2. d4 g6 3. c4 d6 4. Nc3 Bf5 5. Qb3 Qc8 6. h3 Bg7 7. g4 Bd7 8. e4 O-O
9. e5 dxe5 10. dxe5 Ne8 11. Bf4 c5 12. O-O-O Nc6 13. Bg2 Nc7 14. Nd5 Ne6 15. Bg3
Re8 16. Kb1 Rb8 17. Qd3 Ncd4 18. Nxd4 Nxd4 19. f4 b5 20. Bf2 bxc4 21. Qxc4 Bb5
22. Qc3 e6 23. Nf6+ Bxf6 24. exf6 Ba4 25. Rd2 Bc6 26. Bxd4 Bxg2 27. Rxg2 Qb7 28.
Qd2 cxd4 29. Re1 Qd5 30. Rge2 Qd8 31. g5 Rb5 32. Rd1 Qb8 33. Re4 e5 34. fxe5
Rbxe5 35. Rxd4 h6 36. h4 Qc8 37. Qf4 Rf5 38. Qg4 Qc5 39. Re4 Rc8 40. Qe2 Qc6 41.
Re7 Rc5 42. a3 Rc2 43. Qd3 Rc1+ 44. Rxc1 Qxc1+ 45. Ka2 Rb8 46. Qe2 Qc6 47. Re5
Qa4 48. Re3 Qc6 49. Rc3 Qb7 50. Rd3 Qc6 51. Rd4 hxg5 52. hxg5 Qc5 53. Qe3 Qb6
54. Qc3 a5 55. Re4 Qb7 56. Re5 a4 57. Rc5 Qd7 58. Qe5 Qb7 59. Rc1 Rc8 60. Kb1
Rxc1+ 61. Kxc1 Qb3 62. Kd2 Kh7 63. Ke1 Kg8 64. Kf2 Kh7 65. Kg2 Qc2+ 66. Kf3 Qd3+
67. Qe3 Qf5+ 68. Kg3 Qb5 69. Qd2 Qe5+ 70. Kf2 Qb5 71. Ke1 Qe5+ 72. Kd1 Qb5 73.
Qh2+ Kg8 74. Qe2 Qd5+ 75. Kc2 Qf5+ 76. Kc3 Qc5+ 77. Qc4 Qxg5 78. Qxa4 Qxf6+ 79.
Qd4 Qf3+ 80. Kc4 Qc6+ 81. Kb3 Qb5+ 82. Ka2 g5 83. a4 Qf5 84. Qd8+ Kg7 85. a5 g4
86. a6 Qe6+ 87. Kb1 Qxa6 88. Qd4+ 1/2-1/2

[Event "Najdorf Mem Open A 2016"]
[Site "Warsaw POL"]
[Date "2016.07.11"]
[Round "4.12"]
[White "Esserman, Marc"]
[Black "Kovalenko, Igor"]
[Result "0-1"]
[WhiteTitle "IM"]
[BlackTitle "GM"]
[WhiteElo "2474"]
[BlackElo "2667"]
[WhiteFideId "2018616"]
[BlackFideId "14117908"]
[EventDate "2016.07.08"]

1. e4 d5 2. exd5 Qxd5 3. Nc3 Qd6 4. d4 Nf6 5. Bc4 Nc6 6. Nge2 Bf5 7. O-O O-O-O
8. d5 Na5 9. Bb3 a6 10. Bf4 e5 11. dxe6 Qxd1 12. Rfxd1 Rxd1+ 13. Rxd1 Nxb3 14.
cxb3 Bxe6 15. Rc1 c6 16. Nd4 Kd7 17. Nxe6 fxe6 18. Rd1+ Nd5 19. Be5 Rg8 20. Rd3
Be7 21. Ne4 g6 22. Rh3 h5 23. g4 c5 24. gxh5 gxh5+ 25. Rg3 Rf8 26. Rg7 Kc6 27.
Rh7 h4 28. Nc3 Bg5 29. Ne4 Bf4 30. Bxf4 Rxf4 31. Nc3 Rd4 32. Rh6 Nf4 33. Kf1 h3
34. Ke1 b5 35. f3 c4 36. bxc4 bxc4 37. Ne2 Ng2+ 38. Kf2 Rd2 39. Rxe6+ Kc5 40.
Re4 Rxb2 41. Kg3 Rxa2 42. Re5+ Kb4 43. f4 Ra3+ 44. Kg4 Re3 45. Rxe3 Nxe3+ 46.
Kg5 a5 47. f5 Nxf5 48. Kxf5 a4 49. Ke4 a3 50. Nc1 Kc3 51. Ke3 Kc2 52. Na2 Kb2
53. Kd2 Kxa2 54. Kc2 c3 0-1

[Event "Najdorf Mem Open A 2016"]
[Site "Warsaw POL"]
[Date "2016.07.11"]
[Round "4.14"]
[White "Szczepkowska-Horowska, Karina"]
[Black "Zhigalko, Sergei"]
[Result "1/2-1/2"]
[WhiteTitle "WGM"]
[BlackTitle "GM"]
[WhiteElo "2411"]
[BlackElo "2653"]
[WhiteFideId "1122681"]
[BlackFideId "13502956"]
[EventDate "2016.07.08"]

1. d4 Nf6 2. c4 e6 3. Nf3 Bb4+ 4. Bd2 a5 5. g3 d6 6. Bg2 Nbd7 7. O-O e5 8. dxe5
dxe5 9. Nc3 O-O 10. Qc2 Re8 11. Rad1 Qe7 12. Ng5 Bxc3 13. Bxc3 h6 14. Nf3 e4 15.
Nd4 Qc5 16. Nb5 Qxc4 17. Qb3 Qc6 18. Bxf6 Nxf6 19. Rc1 a4 20. Qc4 Qxc4 21. Rxc4
Bg4 22. Nxc7 Bxe2 23. Rb4 Bxf1 24. Kxf1 a3 25. Nxe8 Nxe8 26. Bxe4 axb2 27. Rxb2 1/2-1/2

[Event "Najdorf Mem Open A 2016"]
[Site "Warsaw POL"]
[Date "2016.07.11"]
[Round "4.15"]
[White "Jones, Gawain C B"]
[Black "Dastan, Muhammed Batuhan"]
[Result "1/2-1/2"]
[WhiteTitle "GM"]
[BlackTitle "IM"]
[WhiteElo "2650"]
[BlackElo "2480"]
[WhiteFideId "409561"]
[BlackFideId "6300014"]
[EventDate "2016.07.08"]

1. e4 c5 2. Nf3 d6 3. Bb5+ Nd7 4. O-O a6 5. Bd3 Ngf6 6. Re1 b5 7. c4 bxc4 8.
Bxc4 Nb6 9. d3 e6 10. Nc3 Be7 11. e5 Nfd5 12. exd6 Qxd6 13. Ne4 Qc7 14. Bd2 Nxc4
15. dxc4 Nf6 16. Bc3 Nxe4 17. Rxe4 O-O 18. Qe2 f6 19. Rh4 Qc6 20. Qd3 g6 21. Rh6
Rd8 22. Rxg6+ Kf8 23. Qe3 hxg6 24. Qh6+ Kf7 25. Qh7+ Kf8 26. Ng5 fxg5 27. Qg7+
Ke8 28. Qxg6+ Kd7 29. Rd1+ Kc7 30. Ba5+ Kb7 31. Bxd8 Bxd8 32. Rxd8 Bd7 33. Rxa8
Kxa8 34. Qxg5 Qd6 35. h4 Qd1+ 36. Kh2 Qd6+ 37. f4 Bc6 38. h5 Qd2 39. h6 Be4 40.
Qg3 Ka7 41. h7 Bxh7 42. Qg7+ Kb6 43. Qxh7 Qxf4+ 44. Kh3 Qxc4 45. b3 Qe2 46. Qg6
Kc6 47. Qg4 Qe3+ 48. g3 Qe1 49. Qf3+ Kd6 50. g4 Qd2 51. Qf8+ Kd7 52. Qxc5 Qxa2
53. Qa7+ Ke8 54. Qe3 Ke7 55. Kh4 Qb2 56. g5 Kf7 57. Qf3+ Kg7 58. Qb7+ Kg6 59.
Qe4+ Kf7 60. Kh5 Qh2+ 61. Qh4 Qc7 62. Qh3 Qe5 63. Qf3+ Kg8 64. Qa8+ Kg7 65. Qb7+
Kg8 66. Qc8+ Kg7 67. Qd7+ Kf8 68. Qd3 a5 69. Qf3+ Kg7 70. Qb7+ Kf8 71. Qc8+ Kg7
72. Qc2 Kf8 73. Qd3 Qh8+ 74. Kg4 Qe5 75. Qf1+ Kg7 76. Qf3 Kg6 77. Qd3+ Kg7 78.
Qc2 Kf8 79. Qf2+ Kg8 80. Qf4 Qe2+ 81. Kh4 Qe1+ 82. Kh3 Qh1+ 83. Kg3 Qg1+ 84. Kh4
Qh1+ 85. Kg4 Qg2+ 86. Kh5 Qh1+ 87. Kg6 Qh7+ 88. Kf6 Qf7+ 89. Ke5 Qc7+ 90. Ke4
Qb7+ 91. Ke5 Qc7+ 92. Ke4 Qb7+ 1/2-1/2

[Event "Najdorf Mem Open A 2016"]
[Site "Warsaw POL"]
[Date "2016.07.11"]
[Round "4.16"]
[White "Khairullin, Ildar"]
[Black "Puranik, Abhimanyu"]
[Result "1-0"]
[WhiteTitle "GM"]
[BlackTitle "IM"]
[WhiteElo "2629"]
[BlackElo "2475"]
[WhiteFideId "4151348"]
[BlackFideId "5061245"]
[EventDate "2016.07.08"]

1. Nf3 Nf6 2. g3 g6 3. Bg2 Bg7 4. O-O O-O 5. d4 d5 6. c4 dxc4 7. Na3 c3 8. bxc3
c5 9. Ne5 Nc6 10. Nac4 Be6 11. Nxc6 bxc6 12. Ne5 Nd5 13. Bd2 Rc8 14. c4 Bxe5 15.
dxe5 Nb6 16. Be3 Qc7 17. f4 Rfd8 18. Qe1 Nxc4 19. Bxc5 Rd2 20. Qf2 Rb8 21. Rfd1
Rbb2 22. Rxd2 Rxd2 23. Bxa7 Bd5 24. Bc5 Qd7 25. a4 Bxg2 26. Qxg2 Rd1+ 27. Rxd1
Qxd1+ 28. Kf2 Qxa4 29. Qe4 h5 30. Qd4 Qb3 31. Qd8+ Kh7 32. e6 Ne5 33. fxe5 Qxe6
34. Qxe7 Qf5+ 35. Ke3 Qf1 36. Kd2 1-0